Statistics for All Teams to Ever Play a FIBA World Cup

Click here to take the quiz!

General Stats

  • This quiz has been taken 84 times
    (81 since last reset)
  • The average score is 46 of 56

Answer Stats

HintAnswer% Correct
12Spain
100%
14Russia / Soviet Union
99%
18United States
99%
10Yugoslavia
99%
9China
97%
9Italy
97%
6Serbia / Serbia & Montenegro
97%
14Argentina
96%
12Australia
96%
18Brazil
96%
6Egypt
96%
8Greece
96%
6New Zealand
96%
14Canada
94%
3Croatia
94%
8France
94%
6Germany
94%
5Japan
94%
3Slovenia
94%
5Turkey
94%
5Mexico
93%
5Lithuania
91%
3Chile
90%
3Nigeria
90%
1Colombia
87%
2Poland
87%
7Uruguay
87%
4Cuba
85%
5Czech Republic / Czechoslovakia
85%
4Peru
85%
14Puerto Rico
85%
3Iran
84%
8South Korea
84%
1Ukraine
84%
4Venezuela
84%
2Tunisia
82%
1Netherlands
81%
1Bulgaria
79%
6Philippines
79%
1Algeria
76%
8Angola
76%
2Paraguay
75%
1Montenegro
73%
4Panama
73%
5Senegal
73%
3Dominican Republic
69%
1Finland
69%
2Israel
67%
1Ecuador
66%
2Taiwan
66%
4Ivory Coast
52%
2Jordan
52%
3Lebanon
52%
1Qatar
37%
1Malaysia
31%
1Central African Republic
19%

Score Distribution

Percentile by Number Answered

Percent of People with Each Score

Your Score History

You have not taken this quiz since the last reset